<?xml version="1.0" encoding="UTF-8"?>
<record
    xmlns:xsi="http://www.w3.org/2001/XMLSchema-instance"
    xsi:schemaLocation="http://www.loc.gov/MARC21/slim http://www.loc.gov/standards/marcxml/schema/MARC21slim.xsd"
    xmlns="http://www.loc.gov/MARC21/slim">

  <leader>00789nam a2200229 a 4500</leader>
  <controlfield tag="001">60216</controlfield>
  <controlfield tag="003">BD-RjUL</controlfield>
  <controlfield tag="005">20211209080821.0</controlfield>
  <controlfield tag="008">161229r19491944ii ||||| |||| 00| 0 ben d</controlfield>
  <datafield tag="020" ind1=" " ind2=" ">
    <subfield code="c">: Tk. .50</subfield>
  </datafield>
  <datafield tag="035" ind1=" " ind2=" ">
    <subfield code="a">(BD-RjUL)60340</subfield>
  </datafield>
  <datafield tag="040" ind1=" " ind2=" ">
    <subfield code="a">BD-RjUL</subfield>
    <subfield code="b">ben</subfield>
    <subfield code="c">BD-RjUL</subfield>
  </datafield>
  <datafield tag="041" ind1=" " ind2=" ">
    <subfield code="a">ben</subfield>
  </datafield>
  <datafield tag="082" ind1=" " ind2=" ">
    <subfield code="2">23</subfield>
    <subfield code="a">333.53</subfield>
    <subfield code="b">SEB 1949</subfield>
  </datafield>
  <datafield tag="100" ind1=" " ind2=" ">
    <subfield code="a">&#x9B8;&#x9C7;&#x9A8;, &#x9B6;&#x99A;&#x9C0;&#x9A8;</subfield>
    <subfield code="9">179257</subfield>
  </datafield>
  <datafield tag="245" ind1="1" ind2="0">
    <subfield code="a">&#x9AC;&#x9BE;&#x982;&#x9B2;&#x9BE;&#x9B0; &#x9B0;&#x9BE;&#x9AF;&#x9BC;&#x9A4; &#x993; &#x99C;&#x9AE;&#x9BF;&#x9A6;&#x9BE;&#x9B0;  / </subfield>
    <subfield code="c">&#x9B6;&#x99A;&#x9C0;&#x9A8; &#x9B8;&#x9C7;&#x9A8;</subfield>
  </datafield>
  <datafield tag="260" ind1=" " ind2=" ">
    <subfield code="a">&#x995;&#x9B2;&#x9BF;&#x995;&#x9BE;&#x9A4;&#x9BE; :</subfield>
    <subfield code="b">&#x9AC;&#x9BF;&#x9B6;&#x9CD;&#x9AC;&#x9AD;&#x9BE;&#x9B0;&#x9A4;&#x9C0;,</subfield>
    <subfield code="c">&#x9E7;&#x9EF;&#x9EA;&#x9EA; [&#x9AA;&#x9C1;&#x9A8;&#x9B0;&#x9CD;&#x9AE;&#x9C1;&#x9A6;&#x9CD;&#x9B0;&#x9A3; &#x9E7;&#x9EF;&#x9EA;&#x9EF;]</subfield>
  </datafield>
  <datafield tag="300" ind1=" " ind2=" ">
    <subfield code="a">[&#x9E8;], &#x9EA;&#x9E7; &#x9AA;&#x9C3;. ;</subfield>
    <subfield code="c">&#x9E7;&#x9EE; &#x9B8;&#x9C7;&#x9AE;&#x9BF;.</subfield>
  </datafield>
  <datafield tag="650" ind1=" " ind2=" ">
    <subfield code="a">&#x9AA;&#x9CD;&#x9B0;&#x99C;&#x9BE;&#x9B8;&#x9CD;&#x9AC;&#x9A4;&#x9CD;&#x9AC;</subfield>
    <subfield code="9">170542</subfield>
  </datafield>
  <datafield tag="650" ind1=" " ind2=" ">
    <subfield code="a">Tenancy</subfield>
    <subfield code="9">179258</subfield>
  </datafield>
  <datafield tag="942" ind1=" " ind2=" ">
    <subfield code="2">ddc</subfield>
    <subfield code="c">BK</subfield>
  </datafield>
  <datafield tag="999" ind1=" " ind2=" ">
    <subfield code="c">60216</subfield>
    <subfield code="d">60216</subfield>
  </datafield>
  <datafield tag="952" ind1=" " ind2=" ">
    <subfield code="0">0</subfield>
    <subfield code="1">0</subfield>
    <subfield code="2">ddc</subfield>
    <subfield code="4">0</subfield>
    <subfield code="7">1</subfield>
    <subfield code="8">NFIC</subfield>
    <subfield code="a">RUCL</subfield>
    <subfield code="b">RUCL</subfield>
    <subfield code="c">Reading</subfield>
    <subfield code="d">2016-12-29</subfield>
    <subfield code="l">0</subfield>
    <subfield code="o">B 333.53 SEB 1949</subfield>
    <subfield code="r">2016-12-29 00:00:00</subfield>
    <subfield code="t">C-1</subfield>
    <subfield code="w">2016-12-29</subfield>
    <subfield code="y">BK</subfield>
  </datafield>
</record>
